| 000 | 00457cam a22001457a 4500 | ||
|---|---|---|---|
| 008 | 180718b1948 xxu||||| |||| 00| 0 eng d | ||
| 082 | _aT421x54 D459 | ||
| 100 | _aDeshmukh, Chintaman D. | ||
| 245 |
_aCentral banking in India: a retropect _cby Chintaman D. Deshmukh |
||
| 260 |
_aBombay _bGokhale Institute of Politics and Economics _c1948 |
||
| 300 | _a33p. | ||
| 440 | _aR.R. Kale Memorial Lecture 1948 | ||
| 500 | _aRe 1-8-0 | ||
| 650 | _aBanking - India | ||
| 999 |
_c410610 _d410610 |
||